| 000 | 00691pam a2200193 a 4500 | ||
|---|---|---|---|
| 020 | _a0803949138 (alk. paper) | ||
| 020 | _a0803949146 (pbk. : alk. paper) | ||
| 040 | _cDLC | ||
| 082 | 0 | 0 | _a610 SAG 1995 A051 Or. |
| 100 | 1 | _aFriedemann, Marie-Luise. | |
| 245 | 1 | 4 |
_aThe framework of systemic organization : _ba conceptual approach to families and nursing / |
| 260 |
_aThousand Oaks : _bSage Publications, _cc1995. |
||
| 300 |
_axiv, 402 p. : _bill. ; _c24 cm. |
||
| 650 | 0 | _aFamily nursing. | |
| 650 | 0 | _aFamily nursing | |
| 856 | 4 | 2 | _uhttp://www.loc.gov/catdir/enhancements/fy0655/95021327-d.html |
| 856 | 4 | 1 | _uhttp://www.loc.gov/catdir/enhancements/fy0655/95021327-t.html |
| 942 | _cEK | ||
| 999 |
_c14803 _d14803 |
||